000 01985nam0a2200373 4500
001 RU\NLR\BIBL_A\022627875
005 20260405081524.0
010 _a978-5-507-52462-4
_930
035 _a(NLR Aleph) 022627875
090 _a13513662
_c13513662
100 _a20250922d2025 u y0rusy50 ca
101 0 _arus
102 _aRU
105 _aacb j 000yy
181 0 _ai3
_baxxe
182 0 _an
200 1 _aОсобенности приготовления чайного напитка
_eучебное пособие
_eстудентам и аспирантам профильных вузов, а также биологам, химикам
_fВ. В. Литвяк, Г. В. Алексеев
203 _aТекст
_bвизуальный
_cнепосредственный
210 _aСанкт-Петербург [и др.]
_cЛань
_d2025
215 _a502 с.
_cил., цв. ил., портр., карт.
_d24
225 1 _aВысшее образование
320 _aБиблиогр.: с. 486-490 (66 назв.)
606 1 _aЧайный куст
_jУчебные издания для высших учебных заведений
_xКультура
_92293890
_3RU\NLR\AUTH\661373654
606 1 _aЧай
_jУчебные издания для высших учебных заведений
_xПриготовление
_91986899
_3RU\NLR\AUTH\661197586
606 1 _aЧай
_jУчебные издания для высших учебных заведений
_xИстория
_92343670
_3RU\NLR\AUTH\6601624077
686 1 _aП282-4я73
686 1 _aЛ983г.я73-1
686 1 _aЛ991.6я73-1
700 1 _aЛитвяк
_bВ. В.
_f1974-
_gВладимир Владимирович
701 1 _7ca
_8rus
_aАлексеев
_bГ. В.
_cд-р техн. наук, пищевая пром-сть
_f1948-
_gГеннадий Валентинович
_911463
_3RU\NLR\AUTH\7728432
942 _cBOOK
980 _aNB